| 000 | 00676nam a2200217 a 4500 | ||
|---|---|---|---|
| 999 |
_c10559 _d10559 |
||
| 001 | 10559 | ||
| 003 | BD-JhCC | ||
| 005 | 20221124134023.0 | ||
| 008 | 180710s2017 bg |||| |||| 000 0 ben d | ||
| 020 | _a14293 | ||
| 035 | _a(BD-JhCC)10559 | ||
| 040 |
_aBD-JhCC _dBD-JhCC |
||
| 041 | _aben | ||
| 082 |
_a891.443 _bAHA 2017 |
||
| 100 | _aআহসান, যোবায়েদ | ||
| 245 |
_aওসি-হতনামা / _cযোবায়েদ আহসান |
||
| 260 |
_aঢাকা : _bভিন্নচোখ প্রকাশনী, _c২০১৭. |
||
| 300 |
_a১১১ পৃ. : _c২০ সেমি. |
||
| 650 | _aBengali Novel | ||
| 942 |
_2ddc _cBK _02 |
||